00217nam a2200085Ia 4500008004100000082001600041100002100057245004200078300001100120230907s9999||||xx |||||||||||||| ||und|| a621.31bSAU aSauer, Peter W., 0aPower system dynamics and stability : a358 p.